| 000 | 01447nab a2200229 i 4500 | ||
|---|---|---|---|
| 001 | 768714001 | ||
| 003 | CO-MdFUSB | ||
| 005 | 20240609104529.0 | ||
| 008 | 240531t1976 ag ||||| |||| 00| 0 spa d | ||
| 040 |
_bspa _cCO-MdFUSB _dCO-MdFUSB |
||
| 041 | _aspa | ||
| 100 | 1 |
_aPadilla, C. René _d1932- _eautor |
|
| 245 | 3 |
_aLa sociedad de consumo en perspectiva bíblica _c/ C. René Padilla |
|
| 520 | _aRené Padilla sostiene que la sociedad de consumo ha impuesto un estilo de vida que prioriza la propiedad privada sobre las personas y la producción. El estado actual de "este mundo malvado" es un sistema en el que la vida humana está controlada por fuerzas destructivas. El peligro de amoldarse a las costumbres de este mundo malvado con todo su materialismo, su obsesión por el éxito individual, su egoísmo cegador. Jesucristo murió por nuestros pecados para liberarnos de este sistema alienado. Su encarnación y cruz son normas de la vida y misión de la Iglesia. Su victoria es la base de la esperanza en medio del conflicto. | ||
| 630 | 0 | _aReligión, cultura y sociedad | |
| 650 | 7 |
_aConsumismo _92452 |
|
| 650 | 0 |
_aVida cristiana _919 |
|
| 650 | 0 |
_aHermeneútica _xAspectos religiosos _xCristianismo. _91682 |
|
| 773 | 0 |
_069974 _982717 _dBuenos Aires _oR2609 _tCerteza _w(CO-MdFUSB)768714001 _gNúmero 61, (enero - marzo, 1976) páginas: 148 - 152 _qpágina: 148 |
|
| 942 | _cANA | ||
| 945 | _aCatherine Arias Álvarez - Practicante SENA | ||
| 999 |
_c70028 _d70028 |
||